Escritos sobre la historia

Guardat en:
Dades bibliogràfiques
Autor principal: Braudel, Fernand (Autor)
Format: Llibre
Idioma:espanyol
Publicat: Madrid Alianza 1991
Col·lecció:Alianza Universidad, 678
Matèries:
Etiquetes: Afegir etiqueta
Sense etiquetes, Sigues el primer a etiquetar aquest registre!

MARC

LEADER 00000nam a2200000 a 4500
001 UCX7575
003 CL-VaPUC
008 931216e19910000SP |||||||||||||||||spa|d
082 0 4 |a 907.2  |b BRA  |2 21 
100 0 |a Braudel, Fernand  |e author  |9 324461 
245 1 0 |a Escritos sobre la historia 
300 |a 315 p 
942 |c BK 
945 |d 19931216 00:00:00  |a aalvarez 
260 |a Madrid  |b Alianza  |c 1991 
650 0 |a Historiografía   |9 257871 
583 |a last modification  |c 19931216 00:00:00  |k Rodrigo Vera 
490 0 |a Alianza Universidad, 678 
999 |c 227367  |d 227365 
952 |0 0  |1 0  |4 0  |6 907_200000000000000_BRA_1991  |7 0  |8 A  |9 226324  |a BIBHIS  |b BIBHIS  |d 2019-11-15  |i 2954397  |l 4  |o 907.2 BRA 1991  |p 2954397  |r 2025-04-21  |s 2025-04-14  |w 2019-11-15  |y BK  |k HIS